000 00602nam a22001937a 4500
003 OSt
005 20251127154614.0
008 251127b |||||||| |||| 00| 0 eng d
020 _a 978-621-406-94-5
040 _aDWC-Main lib
_cOC
082 _aFil. 005.7 A116w 2018
100 _aMarmelo V. Abante
245 _a Web application programming/
_cMarmelo V. Abante
260 _aIntramuros, Manila :
_bMindshapers co. inc.,
_cc 2018.
300 _aviii, 230 pages :
_billustrations ;
_c25cm.
650 _a1. Web development
650 _a2. Web programming
942 _2ddc
_cBK - FIL
_kFil.
_n0
999 _c6490
_d6490